000 00763nam a2200253Ia 4500
003 GCL
008 140319s9999 xx 000 0 ara d
040 _aGCL /
_cGCL
082 0 4 _aد
_b050
_bخ ن
100 1 _aخليفة محمد التليسى
245 1 0 _aالناشر العربى /
_cخليفة محمد التليسى
490 _aالهيئة العامة للاستعلامات
_v0
650 0 4 _aالادب العربى
650 0 4 _aالتعليم
650 0 4 _aالتاريخ الاسلامى
650 0 4 _aالثقافة
650 0 4 _aالصحافة
650 0 4 _aادب الاطفال
650 0 4 _aالنشر
650 0 4 _aالدوريات
650 0 4 _aالمكتبات
650 0 4 _aالمعلومات، علم
942 _2ddc
_cBK
999 _c49880
_d49880